[Event "Yuzhny FO-ch op"]
[Site "Armavir"]
[Date "2015.02.??"]
[Round "4"]
[White "Didy, Kaplan"]
[Black "Nikolaev, Valerij"]
[Result "1-0"]
[WhiteElo "1980"]
[BlackElo "1779"]
[PlyCount "122"]
[EventDate "2015.02.13"]
[EventType "swiss"]
[EventRounds "9"]
[EventCountry "RUS"]
[SourceTitle "CBM 165 Extra"]
[Source "ChessBase"]
[SourceDate "2015.04.21"]
[SourceVersion "1"]
[SourceVersionDate "2015.04.21"]
[SourceQuality "1"]

1. e4 d6 2. d4 c6 3. Nf3 Nd7 4. Bc4 e6 5. Nc3 b5 6. Bd3 g6 7. 0-0 Bg7 8. d5 a6 9. dxc6 Ne5 10. Nxe5 Bxe5 11. Be3 Qc7 12. f4 Bxc3 13. bxc3 Qxc6 14. Kh1 Bb7 15. Rf2 Ne7 16. Bd4 Rg8 17. Bf6 Rc8 18. Qg4 Qc5 19. Raf1 Qh5 20. Qg3 Qc5 21. Qh4 d5 22. Qxh7 dxe4 23. Bxe7 Kxe7 24. Qh4+ Ke8 25. Be2 Qxc3 26. Bd1 Rh8 27. Qg4 Bd5 28. Rg1 Ke7 29. h3 f5 30. Qg5+ Kf7 31. Kh2 Qf6 32. Qg3 Rc3 33. Qg5 e3 34. Re2 Qxg5 35. fxg5 f4 36. Rf1 e5 37. Ree1 Ke7 38. Rg1 Kd6 39. Be2 Kc5 40. Rgf1 a5 41. g3 Rf8 42. gxf4 exf4 43. Bd3 Rxd3 44. cxd3 Kd4 45. h4 f3 46. Kg3 f2 47. Rb1 b4 48. Rb2 Kxd3 49. Rbb1 e2 50. Rxf2 Rxf2 51. Kxf2 Kd2 52. Re1 Bc4 53. h5 gxh5 54. g6 a4 55. g7 b3 56. axb3 axb3 57. Rxe2+ Kc3 58. Re8 b2 59. Rb8 Bb3 60. Rxb3+ Kxb3 61. g8Q+ Ka3 1-0

[Event "Sochi Tseshkovsky Memorial op"]
[Site "Sochi"]
[Date "2014.09.19"]
[Round "3"]
[White "Shandrygin, Nikita"]
[Black "Nikolaev, Valerij"]
[Result "1-0"]
[WhiteElo "2124"]
[BlackElo "1789"]
[PlyCount "27"]
[EventDate "2014.09.17"]
[EventType "swiss"]
[EventRounds "9"]
[EventCountry "RUS"]
[SourceTitle "CBM 162 Extra"]
[Source "ChessBase"]
[SourceDate "2014.10.17"]
[SourceVersion "1"]
[SourceVersionDate "2014.10.17"]
[SourceQuality "1"]

1. e4 e6 2. d4 d5 3. Nd2 c5 4. Ngf3 Nc6 5. exd5 exd5 6. Bb5 Be6 7. 0-0 Be7 8. dxc5 Bxc5 9. Nb3 Be7 10. Nbd4 Bd7 11. Bxc6 bxc6 12. Ne5 c5 13. Ndc6 Nf6 14. Nxd8 1-0

[Event "Lazarevskoe op"]
[Site "Lazarevskoe"]
[Date "2014.06.18"]
[Round "?"]
[White "Nikolaev, Valerij"]
[Black "Esipenko, Aleksandr"]
[Result "0-1"]
[WhiteElo "1816"]
[BlackElo "1642"]
[PlyCount "120"]
[EventDate "2014.06.14"]
[EventType "swiss"]
[EventRounds "9"]
[EventCountry "RUS"]
[SourceTitle "EXT 2015"]
[Source "ChessBase"]
[SourceDate "2014.11.20"]
[SourceVersion "1"]
[SourceVersionDate "2014.11.20"]
[SourceQuality "1"]

1. e4 e5 2. d3 Nf6 3. c3 d5 4. Nd2 dxe4 5. dxe4 Bc5 6. Be2 Be6 7. Ngf3 Nc6 8. 0-0 0-0 9. Qc2 h6 10. b4 Bd6 11. Rd1 Qe7 12. Nf1 a6 13. Ne3 Rad8 14. Nf5 Bxf5 15. exf5 e4 16. Ne1 Qe5 17. g3 Qxf5 18. Ng2 Rfe8 19. Bf4 Bxf4 20. gxf4 Nd5 21. Ne3 Qxf4 22. Nxd5 Qg5+ 23. Kh1 Rxd5 24. Rg1 Qf6 25. Bc4 Qf3+ 26. Rg2 Rg5 27. Rag1 Rxg2 28. Rxg2 Qf6 29. Bd5 e3 30. fxe3 Rxe3 31. Qf2 Qxf2 32. Rxf2 Re7 33. a3 g6 34. Kg2 Kg7 35. c4 Nd8 36. a4 c6 37. Bf3 Ne6 38. Rd2 Ng5 39. Be2 Ne4 40. Rc2 Re6 41. h4 f5 42. Kf3 Rd6 43. Ke3 Kf6 44. c5 Rd7 45. b5 cxb5 46. axb5 axb5 47. Bxb5 Rc7 48. c6 bxc6 49. Rxc6+ Rxc6 50. Bxc6 Ke5 51. Be8 g5 52. hxg5 hxg5 53. Bc6 g4 54. Ba8 f4+ 55. Kd3 Nc5+ 56. Ke2 Kd4 57. Bc6 Ne4 58. Bd7 Nf6 59. Bxg4 Nxg4 60. Kf3 Ke5 0-1

[Event "Lazarevskoe op"]
[Site "Lazarevskoe"]
[Date "2013.06.??"]
[Round "2"]
[White "Nikolaev, Valerij"]
[Black "Tischenko, Sergei"]
[Result "1/2-1/2"]
[WhiteElo "1852"]
[BlackElo "2136"]
[PlyCount "83"]
[EventDate "2013.06.03"]
[EventType "swiss"]
[EventRounds "9"]
[EventCountry "RUS"]
[SourceTitle "EXT 2015"]
[Source "ChessBase"]
[SourceDate "2014.11.20"]
[SourceVersion "1"]
[SourceVersionDate "2014.11.20"]
[SourceQuality "1"]

1. d4 d6 2. g3 Nd7 3. Bg2 e5 4. e4 Ngf6 5. c3 Be7 6. Ne2 0-0 7. 0-0 c6 8. Qc2 d5 9. Nd2 exd4 10. Nxd4 Nxe4 11. Nxe4 dxe4 12. Bxe4 Nf6 13. Bf5 g6 14. Bxc8 Qxc8 15. Bg5 Qh3 16. f3 h6 17. Be3 Nd5 18. Bf2 Bg5 19. f4 Bf6 20. Rad1 Rae8 21. Qd3 Qg4 22. Qf3 Qxf3 23. Nxf3 Re2 24. Rd2 Rfe8 25. Rfd1 Nb6 26. Rxe2 Rxe2 27. Rd2 Re4 28. Bxb6 axb6 29. Kf2 Kf8 30. Rd7 Re7 31. Rxe7 Kxe7 32. Ke3 Ke6 33. g4 Kd5 34. Kd3 Bg7 35. a4 Bf8 36. b4 Bd6 37. f5 gxf5 38. gxf5 Be5 39. c4+ Kd6 40. h3 Bf6 41. Kc2 Ke7 42. Kd3 1/2-1/2

[Event "Belorechensk Seniors op"]
[Site "Belorechensk"]
[Date "2013.02.21"]
[Round "9"]
[White "Lindenbaum, Viktor"]
[Black "Nikolaev, Valerij"]
[Result "1-0"]
[WhiteElo "2003"]
[BlackElo "1805"]
[PlyCount "23"]
[EventDate "2013.02.13"]
[EventType "swiss"]
[EventRounds "9"]
[EventCountry "RUS"]
[SourceTitle "CBM 153 Extra"]
[Source "ChessBase"]
[SourceDate "2013.04.22"]
[SourceVersion "1"]
[SourceVersionDate "2013.04.22"]
[SourceQuality "1"]

1. d4 d5 2. Nf3 Bg4 3. Ne5 Bf5 4. c4 Nd7 5. cxd5 Nxe5 6. dxe5 c6 7. Nc3 Qc7 8. Bf4 Qa5 9. Qb3 0-0-0 10. dxc6 bxc6 11. Qxf7 Qb4 12. Qxf5+ 1-0

[Event "South FR-ch"]
[Site "Armavir"]
[Date "2012.03.??"]
[Round "8"]
[White "Nikolaev, Valerij"]
[Black "Artiukhova, Anna"]
[Result "1/2-1/2"]
[WhiteElo "1808"]
[BlackElo "1729"]
[PlyCount "76"]
[EventDate "2012.03.11"]
[EventType "swiss"]
[EventRounds "9"]
[EventCountry "RUS"]
[SourceTitle "EXT 2023"]
[Source "ChessBase"]
[SourceDate "2022.10.05"]
[SourceVersion "1"]
[SourceVersionDate "2022.10.05"]
[SourceQuality "1"]

1. e4 c5 2. Nf3 Nc6 3. d4 cxd4 4. Nxd4 d6 5. Nc3 Nf6 6. Be3 g6 7. f3 Bg7 8. Bb5 Bd7 9. Qd2 0-0 10. Nxc6 bxc6 11. Ba4 Qa5 12. Bb3 Qc7 13. Bh6 a5 14. Bxg7 Kxg7 15. 0-0 c5 16. Nd5 Nxd5 17. Bxd5 Bc6 18. Bxc6 Qxc6 19. c4 Rfb8 20. h4 h5 21. Rf2 Rb4 22. Qc3+ Kg8 23. a3 Rb6 24. Re1 a4 25. e5 Rb3 26. Qc1 dxe5 27. Rxe5 Qd6 28. Qg5 Qd4 29. Re4 Qd1+ 30. Kh2 Qd6+ 31. g3 e6 32. Rd2 Qb6 33. Qf6 Qb7 34. Kg2 Rb8 35. Ree2 Qc6 36. Rd8+ Rxd8 37. Qxd8+ Kg7 38. Qd2 Qb6 1/2-1/2

[Event "South FR-ch"]
[Site "Armavir"]
[Date "2012.03.??"]
[Round "9"]
[White "Xvorostjanyj, Anatoliy"]
[Black "Nikolaev, Valerij"]
[Result "1-0"]
[WhiteElo "2087"]
[BlackElo "1808"]
[PlyCount "69"]
[EventDate "2012.03.11"]
[EventType "swiss"]
[EventRounds "9"]
[EventCountry "RUS"]
[SourceTitle "EXT 2023"]
[Source "ChessBase"]
[SourceDate "2022.10.05"]
[SourceVersion "1"]
[SourceVersionDate "2022.10.05"]
[SourceQuality "1"]

1. Nf3 Nf6 2. c4 Nc6 3. d4 e6 4. Nc3 Bb4 5. Bg5 d5 6. cxd5 Qxd5 7. Bxf6 gxf6 8. e3 Bd7 9. Qc2 Qa5 10. Be2 Bxc3+ 11. bxc3 Ne7 12. 0-0 h5 13. c4 Qf5 14. Bd3 Qg4 15. h3 Qg7 16. Nh4 f5 17. g3 Ng6 18. Nxg6 fxg6 19. Kh2 h4 20. g4 fxg4 21. hxg4 0-0-0 22. f4 e5 23. dxe5 g5 24. Bf5 Rhf8 25. e6 gxf4 26. exd7+ Kb8 27. Rab1 b6 28. Rbd1 fxe3 29. Rfe1 Qe5+ 30. Kh1 Qg3 31. Qg2 Qe5 32. Qd5 Qg3 33. Be4 Qh3+ 34. Kg1 Qxg4+ 35. Bg2 1-0

[Event "Eisk Azovskie Zori op"]
[Site "Eisk"]
[Date "2011.06.07"]
[Round "3"]
[White "Nikolaev, Valerij"]
[Black "Xvorostjanyj, Anatoliy"]
[Result "1/2-1/2"]
[WhiteElo "1819"]
[BlackElo "2120"]
[PlyCount "200"]
[EventDate "2011.06.05"]
[EventType "swiss"]
[EventRounds "9"]
[EventCountry "RUS"]
[SourceTitle "EXT 2012"]
[Source "ChessBase"]
[SourceDate "2011.11.24"]
[SourceVersion "1"]
[SourceVersionDate "2011.11.24"]
[SourceQuality "1"]

1. d4 Nf6 2. f4 c5 3. c3 e6 4. Nf3 d5 5. e3 Be7 6. Bb5+ Bd7 7. a4 0-0 8. 0-0 a6 9. Bd3 Nc6 10. Ne5 Ne4 11. Rf3 f6 12. Nxd7 Qxd7 13. Nd2 f5 14. Rh3 Rf6 15. Nf3 cxd4 16. exd4 Rb8 17. Be3 b5 18. axb5 axb5 19. Ne5 Nxe5 20. dxe5 Rf7 21. Bxe4 fxe4 22. Qh5 g6 23. Qd1 Qc8 24. Qd2 Qc4 25. b4 Rc8 26. Bd4 Rcf8 27. Be3 g5 28. g3 Kh8 29. Rh6 gxf4 30. Bxf4 Bg5 31. Rf6 Rxf6 32. exf6 Bxf6 33. Ra3 Bg7 34. Qe1 e5 35. Bg5 h6 36. Be7 Rf3 37. Bc5 Qd3 38. Kg2 Qc2+ 39. Kh3 d4 40. Ra8+ Kh7 41. cxd4 exd4 42. Ra7 Kg6 43. Qa1 Rf2 44. Rxg7+ Kxg7 45. Qxd4+ Rf6 46. Be7 Qf2 47. Bxf6+ Qxf6 48. Qxe4 Qf1+ 49. Kh4 Qf6+ 50. Kh3 Qf1+ 51. Kh4 Qf6+ 52. Kg4 Qb6 53. h4 Qb8 54. Qe7+ Kg8 55. Qe6+ Kh7 56. h5 Qf8 57. Qd7+ Kh8 58. Qd4+ Kg8 59. Qd5+ Kh8 60. Qe5+ Kg8 61. Qxb5 Qc8+ 62. Kf4 Qc1+ 63. Kf3 Qd1+ 64. Kg2 Qg4 65. Qd5+ Kh8 66. b5 Qe2+ 67. Kg1 Qe3+ 68. Kh2 Qe2+ 69. Kh3 Qf1+ 70. Kg4 Qe2+ 71. Kf4 Qf2+ 72. Ke4 Qg2+ 73. Kd4 Qf2+ 74. Kc4 Qe2+ 75. Kb4 Qe1+ 76. Kc5 Qxg3 77. b6 Qc3+ 78. Kd6 Qb4+ 79. Qc5 Qd2+ 80. Kc7 Qf4+ 81. Qd6 Qc4+ 82. Kb7 Qe4+ 83. Qc6 Qe7+ 84. Kc8 Qf8+ 85. Kb7 Qf7+ 86. Kb8 Qxh5 87. Qc8+ Kh7 88. b7 Qd5 89. Qc2+ Kg7 90. Qb2+ Kh7 91. Qc2+ Kg7 92. Qb2+ Kh7 93. Qa3 h5 94. Qe7+ Kg6 95. Kc8 Qc4+ 96. Kd8 Qd4+ 97. Ke8 Qa4+ 98. Kf8 Qf4+ 99. Kg8 Qb8+ 100. Qf8 Qxb7 1/2-1/2